LEADER 01315nam0 22003251i 450 001 UON00099888 005 20231205102548.331 100 $a20020107d1961 |0itac50 ba 101 $aeng 102 $aUS 105 $a|||| 1|||| 200 1 $aˆA ‰Simplified Grammar of the Gujarati Language$eTogether with a Short Reading$fWilliam St. Clair Tisdall 205 $aReprinted 210 $aNew York$cUngar$d1961 215 $a189 p.$d20 cm 606 $aLingua gujarati$3UONC006344$2FI 620 $aUS$dNew York$3UONL000050 676 $a491.1$cLingue indoarie dell'India$v21 676 $a491.47$cLingua gujarati$v21 700 1$aTisdall$bWilliam St. Clair$3UONV002243$00 712 $aUngar$3UONV260782$4650 790 1$aCLAIR-TISDALL, W. St.$zTisdall, William St. Clair$3UONV014541 790 1$aST. CLAIR, W. Tisdall$zTisdall, William St. Clair$3UONV079998 801 $aIT$bSOL$c20250905$gRICA 899 $aSIBA - SISTEMA BIBLIOTECARIO DI ATENEO$2UONSI 912 $aUON00099888 950 $aSIBA - SISTEMA BIBLIOTECARIO DI ATENEO$dSI GLOTT C 2 III 142 $eSI GL 302 5 142 966 $aLINGUE INDOARIE$yLingua gujarati$3UONC006338 996 $aSimplified Grammar of the Gujarati Language$91309825 997 $aUNIOR LEADER 00886nam 2200265 450 001 996688082303316 005 20260106194435.0 100 $a20251118d1962----km y0itay5003 ba 101 0 $aita 102 $aIT 105 $ay 00 y 200 1 $aCessione anticipata di contributi governativi e fallimento del cedente$eriesame di una vicenda giudiziaria$fPietro Perlingieri 210 $aPadova$cCEDAM$d1962 215 $a13 p.$d24 cm 300 $aEstratto da: Rivista di diritto civile, anno 7, fasc. 1 (1962) 606 0 $aFallimento$xLegislazione$2BNCF 676 $a346.45078 700 1$aPERLINGIERI,$bPietro$072273 801 0$aIT$bcba$gREICAT 912 $a996688082303316 951 $aXVI.7.Misc. 486$b488 FBUO$cXVI.7.Misc. 959 $aBK 969 $aFBUO 996 $aCessione anticipata di contributi governativi e fallimento del cedente$94455717 997 $aUNISA